000 00609nam a2200217Ia 4500
003 OSt
005 20220925201116.0
006 a|||||r|||| 00| 0
007 ta
008 220923b |||||||| |||| 00| 0 eng d
037 _cGeneral Book
040 _aRTL
_cRTL
_beng
041 _2eng
_aeng
082 _aX:546.5962Oj2, H8/GD
110 _aIndia, Commerce (M/o-)
_9258312
245 0 _aCapital goods from Holland
260 _aDelhi
_bM O P India
_c1948
700 _aIndia, Commerce (M/o-)
_9258313
942 _hX:546.5962Oj2, H8/GD
_cGB
_2CC
999 _c539068
_d539068